| 000 | 00413pab a2200157 454500 | ||
|---|---|---|---|
| 008 | 180718b2000 xxu||||| |||| 00| 0 eng d | ||
| 100 | _aVohra, N.N. | ||
| 245 | _aCooperating for good governance in South Asia | ||
| 260 | _c2000 | ||
| 300 | _ap.169-73 | ||
| 362 | _aJul-Dec | ||
| 650 | _aPublic administration - South Asia | ||
| 650 | _aPublic administration | ||
| 773 | _aSouth Asian Survey | ||
| 909 | _a46853 | ||
| 999 |
_c46853 _d46853 |
||